书目信息 |
| 题名: |
中国近代经济史研究资料
|
|
| 作者: | ;中国近代经济史丛书编委会 编 | |
| 分册: | 1984年下半年 | |
| 出版信息: | 上海 上海社会科学院出版社 1984.9 |
|
| 页数: | 203页 | |
| 开本: | 19cm | |
| 丛书名: | ||
| 单 册: | ||
| 中图分类: | F129.5 | |
| 科图分类: | ||
| 主题词: | 经济--中国 | |
| 电子资源: | ||
| ISBN: | ||
| 000 | 00676nam0 2200205 45 | |
| 001 | 0210091566 | |
| 005 | 20040425082503.6 | |
| 010 | @dCNY0.60 | |
| 091 | @a4299.009 | |
| 100 | @a20021009d1984 km y0chiy0120 ea | |
| 101 | 0 | @achi |
| 105 | @a z 000yy | |
| 200 | 1 | @a中国近代经济史研究资料@AZhong Guo Jin Dai Jing Ji Shi Yan Jiu Zi Liao@h1984年下半年@f中国近代经济史丛书编委会编@FZhong Guo Jin Dai Jing Ji Shi Cong Shu Bian Wei Hui Bian |
| 210 | @a上海@c上海社会科学院出版社@d1984.9 | |
| 215 | @a203页@c表格@d19cm | |
| 606 | 0 | @a经济@x中国 |
| 690 | @aF129.5@v3 | |
| 711 | 02 | @a中国近代经济史丛书编委会@4编 |
| 801 | @aCN@bTSTC@c20021009 | |
| 905 | @dF129.5@e17@f3@b124748-750 | |
| 中国近代经济史研究资料.1984年下半年/中国近代经济史丛书编委会编.-上海:上海社会科学院出版社,1984.9 |
| 203页:表格;19cm |
| ISBN :CNY0.60 |
| ● |
| 相关链接 |
|
|
|
|
正题名:中国近代经济史研究资料
索取号:F129.5/17
 
预约/预借
| 序号 | 登录号 | 条形码 | 馆藏地/架位号 | 状态 | 备注 |
| 1 | 0124744 | 000201230 | 密集书库/ [索取号:F129.5/17] | 在馆 | |
| 2 | 0124745 | 000201249 | 密集书库/ [索取号:F129.5/17] | 在馆 | |
| 3 | 0124746 | 000201276 | 密集书库/ [索取号:F129.5/17] | 在馆 | |
| 4 | 0124747 | 000201285 | 密集书库/ [索取号:F129.5/17] | 在馆 | |
| 5 | 0124748 | 000200687 | 第一借阅区/ [索取号:F129.5/17] | 在馆 | |
| 6 | 0124749 | 000200703 | 密集书库/ [索取号:F129.5/17] | 在馆 | |
| 7 | 0124750 | 000200678 | 第一样本阅览室/ [索取号:F129.5/17] | 在馆 | |
| 8 | 0124751 | 000201169 | 密集书库/ [索取号:F129.5/17] | 在馆 | |
| 9 | 0124752 | 000201196 | 密集书库/ [索取号:F129.5/17] | 在馆 | |
| 10 | 0124753 | 000201203 | 密集书库/ [索取号:F129.5/17] | 在馆 |